| 000 | 00000nas 2200000za 4500 |
| 001 | 9.504377 |
| 003 | CaOODSP |
| 005 | 20221107133410 |
| 007 | cr ||||||||||| |
| 008 | 150406d20012004oncmr p oss f0 a0eng|d |
| 022 | |a1496-3280 |
| 040 | |aCaOODSP|beng |
| 043 | |an-cn--- |
| 086 | 1 |aCS63-011E-IN |
| 130 | 0 |aRestaurant, caterer and tavern statistics (Online) |
| 222 | 0|aRestaurant, caterer and tavern statistics |b(Online) |
| 245 | 10|aRestaurant, caterer and tavern statistics |h[electronic resource]. |
| 260 | |aOttawa : |bStatistics Canada, |c2001-2004. |
| 310 | |aMonthly |
| 362 | 0 |aVol. 33, no. 9 (Sept. 2001)-v. 36 no. 3 (Mar. 2004). |
| 500 | |aIssued also in French under title: Statistiques des restaurants, traiteurs et tavernes. |
| 520 | 3 |aPresents the monthly estimates of total receipts of restaurants, caterers and taverns both at the Canada and provincial levels. The estimates for restaurants are broken down into five categories (full-service restaurants, limited-service restaurants, contract caterers, social and mobile caterers and taverns). Preliminary data along with revised data from the previous month and year-to-date estimates are accompanied by highlights or text. |
| 690 | 07|aHospitality industry|2gcpds |
| 690 | 07|aRestaurants|2gcpds |
| 710 | 2 |aStatistics Canada. |
| 775 | 08|tStatistiques des restaurants, traiteurs et tavernes |w(CaOODSP)9.500812 |
| 780 | 00|tRestaurant, caterer and tavern statistics |w(CaOODSP)9.809067 |